| 000 | 00749 a2200229 4500 | ||
|---|---|---|---|
| 003 | NUST | ||
| 020 | _a0534622046 | ||
| 020 | _a9780534622046 | ||
| 038 | _aA | ||
| 082 |
_a519.5 _bGRA |
||
| 100 | 1 |
_aGravetter, Frederick J. _931483 |
|
| 245 | 1 | 0 |
_aStatistics for the behavioral sciences / _cFrederick J. Gravetter. |
| 250 | _a6th ed. | ||
| 260 |
_a[S.l.] : _bWadsworth Publishing Co Inc, _c2003. |
||
| 300 |
_a746 p. ; _c25 cm. |
||
| 500 | _aImport. | ||
| 500 | _aPaperback. | ||
| 700 | 1 |
_aWallnau, Larry B. _931484 |
|
| 856 | 4 | 0 |
_3Amazon.com _uhttp://www.amazon.com/exec/obidos/ASIN/0534622046/chopaconline-20 |
| 856 | 4 | 0 |
_3Amazon customer reviews _uhttp://www.chopac.org/cgi-bin/tools/azrev.pl?q=0534622046 |
| 942 |
_aNBS _cBK _k300.15195 _2ddc |
||
| 999 |
_c343423 _d343423 |
||